[Event "DEM U18w 2025"]
[Site "Willingen GER"]
[Date "2025.06.10"]
[Round "4"]
[White "Gyácsok, Dzvinka"]
[Black "Reddi, Bhuvana"]
[Result "1/2-1/2"]
[Termination "normal"]
[Board "12"]
[WhiteElo "1689"]
[BlackElo "1851"]
[WhiteClock "00:16:23"]
[BlackClock "00:08:10"]
[PlyCount "96"]
[WhiteFideId "16298292"]
[BlackFideId "16287002"]
[EventCountry "GER"]
[EventRounds "9"]
[EventType "swiss"]
[EventDate "2025.06.07"]

1. e4 {[%clk 01:30:58]} {[%emt 00:00:02]} e5 {[%clk 01:30:57]} {[%emt
00:00:03]} 2. Nf3 {[%clk 01:31:23]} {[%emt 00:00:05]} Nc6 {[%clk 01:31:24]}
{[%emt 00:00:03]} 3. Bc4 {[%clk 01:31:48]} {[%emt 00:00:05]} Be7 {[%clk
01:31:50]} {[%emt 00:00:05]} 4. O-O {[%clk 01:31:31]} {[%emt 00:00:45]} Nf6
{[%clk 01:32:13]} {[%emt 00:00:08]} 5. d3 {[%clk 01:31:12]} {[%emt 00:00:50]}
O-O {[%clk 01:32:29]} {[%emt 00:00:14]} 6. Re1 {[%clk 01:30:40]} {[%emt
00:01:01]} d6 {[%clk 01:32:43]} {[%emt 00:00:16]} 7. a4 {[%clk 01:29:21]}
{[%emt 00:01:49]} h6 {[%clk 01:32:56]} {[%emt 00:00:18]} 8. c3 {[%clk
01:27:44]} {[%emt 00:02:07]} Kh8 {[%clk 01:31:48]} {[%emt 00:01:37]} 9. Nbd2
{[%clk 01:16:54]} {[%emt 00:11:19]} Nh7 {[%clk 01:31:30]} {[%emt 00:00:49]} 10.
Nf1 {[%clk 01:12:27]} {[%emt 00:04:58]} f5 {[%clk 01:31:16]} {[%emt 00:00:43]}
11. exf5 {[%clk 01:07:23]} {[%emt 00:05:34]} Bxf5 {[%clk 01:27:36]} {[%emt
00:04:11]} 12. h3 {[%clk 01:02:46]} {[%emt 00:05:06]} Qe8 {[%clk 01:02:13]}
{[%emt 00:25:54]} 13. Ng3 {[%clk 00:56:49]} {[%emt 00:06:27]} Qg6 {[%clk
00:59:33]} {[%emt 00:03:09]} 14. Nxf5 {[%clk 00:51:11]} {[%emt 00:06:09]} Qxf5
{[%clk 00:59:52]} {[%emt 00:00:11]} 15. Qe2 {[%clk 00:48:27]} {[%emt 00:03:14]}
Ng5 {[%clk 00:55:40]} {[%emt 00:04:42]} 16. Nxg5 {[%clk 00:42:15]} {[%emt
00:06:40]} Bxg5 {[%clk 00:55:57]} {[%emt 00:00:14]} 17. Bxg5 {[%clk 00:40:53]}
{[%emt 00:01:52]} Qxg5 {[%clk 00:56:20]} {[%emt 00:00:07]} 18. b4 {[%clk
00:38:08]} {[%emt 00:03:14]} Ne7 {[%clk 00:55:06]} {[%emt 00:01:43]} 19. Kh1
{[%clk 00:30:35]} {[%emt 00:08:05]} Rf6 {[%clk 00:53:53]} {[%emt 00:01:43]} 20.
Rg1 {[%clk 00:24:41]} {[%emt 00:06:24]} Raf8 {[%clk 00:53:59]} {[%emt
00:00:23]} 21. Ra2 {[%clk 00:21:57]} {[%emt 00:03:15]} Qh4 {[%clk 00:52:12]}
{[%emt 00:02:17]} 22. Rf1 {[%clk 00:19:51]} {[%emt 00:02:36]} Nf5 {[%clk
00:51:11]} {[%emt 00:01:31]} 23. Raa1 {[%clk 00:15:52]} {[%emt 00:04:30]} Ne7
{[%clk 00:48:45]} {[%emt 00:02:56]} 24. Ra2 {[%clk 00:12:18]} {[%emt 00:04:04]}
Ng6 {[%clk 00:34:26]} {[%emt 00:14:48]} 25. Qg4 {[%clk 00:09:57]} {[%emt
00:02:51]} Qxg4 {[%clk 00:32:26]} {[%emt 00:02:30]} 26. hxg4 {[%clk 00:10:18]}
{[%emt 00:00:08]} Rf4 {[%clk 00:27:59]} {[%emt 00:04:57]} 27. f3 {[%clk
00:09:36]} {[%emt 00:01:13]} Rxg4 {[%clk 00:26:54]} {[%emt 00:01:35]} 28. Rd1
{[%clk 00:06:49]} {[%emt 00:03:17]} Rgf4 {[%clk 00:25:46]} {[%emt 00:01:39]}
29. Rad2 {[%clk 00:06:33]} {[%emt 00:00:44]} Ne7 {[%clk 00:23:49]} {[%emt
00:02:27]} 30. Bb3 {[%clk 00:05:15]} {[%emt 00:01:47]} Nf5 {[%clk 00:18:52]}
{[%emt 00:05:28]} 31. Re1 {[%clk 00:04:54]} {[%emt 00:00:52]} g5 {[%clk
00:09:54]} {[%emt 00:09:28]} 32. Bd5 {[%clk 00:04:14]} {[%emt 00:01:10]} c6
{[%clk 00:07:41]} {[%emt 00:02:44]} 33. Be4 {[%clk 00:03:35]} {[%emt 00:01:07]}
Rh4+ {[%clk 00:04:24]} {[%emt 00:03:47]} 34. Kg1 {[%clk 00:03:55]} {[%emt
00:00:11]} Ng3 {[%clk 00:03:54]} {[%emt 00:01:00]} 35. Kf2 {[%clk 00:03:45]}
{[%emt 00:00:40]} Nh1+ {[%clk 00:03:34]} {[%emt 00:00:49]} 36. Ke3 {[%clk
00:03:24]} {[%emt 00:00:52]} d5 {[%clk 00:03:30]} {[%emt 00:00:35]} 37. Rdd1
{[%clk 00:03:07]} {[%emt 00:00:45]} Ng3 {[%clk 00:03:31]} {[%emt 00:00:28]} 38.
Kf2 {[%clk 00:03:17]} {[%emt 00:00:21]} Nxe4+ {[%clk 00:02:50]} {[%emt
00:01:12]} 39. dxe4 {[%clk 00:03:30]} {[%emt 00:00:17]} dxe4 {[%clk 00:02:53]}
{[%emt 00:00:26]} 40. Rd7 {[%clk 00:02:48]} {[%emt 00:01:12]} exf3 {[%clk
00:01:48]} {[%emt 00:01:35]} 41. Rxe5 {[%clk 00:27:16]} {[%emt 00:06:02]} Rhf4
{[%clk 00:27:21]} {[%emt 00:04:56]} 42. Ree7 {[%clk 00:22:35]} {[%emt
00:05:12]} fxg2+ {[%clk 00:20:27]} {[%emt 00:07:25]} 43. Kxg2 {[%clk 00:22:24]}
{[%emt 00:00:41]} Rb8 {[%clk 00:16:10]} {[%emt 00:04:46]} 44. Rh7+ {[%clk
00:20:44]} {[%emt 00:02:09]} Kg8 {[%clk 00:16:34]} {[%emt 00:00:07]} 45. Rdg7+
{[%clk 00:18:45]} {[%emt 00:02:30]} Kf8 {[%clk 00:16:57]} {[%emt 00:00:06]} 46.
Rd7 {[%clk 00:18:37]} {[%emt 00:00:38]} Kg8 {[%clk 00:09:04]} {[%emt 00:08:24]}
47. Rdg7+ {[%clk 00:17:41]} {[%emt 00:01:27]} Kf8 {[%clk 00:09:12]} {[%emt
00:00:21]} 48. Rc7 {[%clk 00:16:23]} {[%emt 00:01:47]} Kg8 {[%clk 00:08:10]}
{[%emt 00:01:31]} 1/2-1/2

[Event "DEM U18w 2025"]
[Site "Willingen GER"]
[Date "2025.06.10"]
[Round "4"]
[White "Heuberger, Sandra"]
[Black "Busch, Lara Sophie"]
[Result "1/2-1/2"]
[Termination "normal"]
[Board "13"]
[WhiteElo "1550"]
[BlackElo "1597"]
[WhiteClock "00:19:57"]
[BlackClock "00:16:07"]
[PlyCount "64"]
[WhiteFideId "16232151"]
[BlackFideId "34664866"]
[EventCountry "GER"]
[EventRounds "9"]
[EventType "swiss"]
[EventDate "2025.06.07"]

1. d4 {[%clk 01:30:57]} {[%emt 00:00:02]} d5 {[%clk 01:30:53]} {[%emt
00:00:07]} 2. c4 {[%clk 01:31:11]} {[%emt 00:00:16]} e6 {[%clk 01:31:16]}
{[%emt 00:00:07]} 3. Nc3 {[%clk 01:31:22]} {[%emt 00:00:19]} c6 {[%clk
01:31:33]} {[%emt 00:00:14]} 4. cxd5 {[%clk 01:26:41]} {[%emt 00:05:11]} exd5
{[%clk 01:31:49]} {[%emt 00:00:13]} 5. g3 {[%clk 01:25:24]} {[%emt 00:01:47]}
Bf5 {[%clk 01:30:40]} {[%emt 00:01:40]} 6. Bg2 {[%clk 01:25:02]} {[%emt
00:00:51]} Nf6 {[%clk 01:28:07]} {[%emt 00:03:03]} 7. Nf3 {[%clk 01:20:33]}
{[%emt 00:04:59]} Bd6 {[%clk 01:27:44]} {[%emt 00:00:53]} 8. O-O {[%clk
01:19:37]} {[%emt 00:01:26]} h6 {[%clk 01:26:22]} {[%emt 00:01:52]} 9. Re1
{[%clk 01:16:18]} {[%emt 00:03:50]} O-O {[%clk 01:25:16]} {[%emt 00:01:35]} 10.
Qb3 {[%clk 01:11:09]} {[%emt 00:05:39]} Qb6 {[%clk 01:23:30]} {[%emt 00:02:16]}
11. Qxb6 {[%clk 01:04:14]} {[%emt 00:07:25]} axb6 {[%clk 01:23:45]} {[%emt
00:00:15]} 12. Ne5 {[%clk 01:03:45]} {[%emt 00:00:57]} Re8 {[%clk 01:17:34]}
{[%emt 00:06:42]} 13. Nf3 {[%clk 01:00:17]} {[%emt 00:03:58]} Nbd7 {[%clk
01:13:10]} {[%emt 00:04:55]} 14. e3 {[%clk 01:00:11]} {[%emt 00:00:35]} g5
{[%clk 01:07:21]} {[%emt 00:06:20]} 15. Bd2 {[%clk 00:57:16]} {[%emt 00:03:26]}
Ne4 {[%clk 01:06:19]} {[%emt 00:01:31]} 16. Red1 {[%clk 00:54:23]} {[%emt
00:03:23]} Ndf6 {[%clk 00:56:56]} {[%emt 00:09:53]} 17. Be1 {[%clk 00:49:22]}
{[%emt 00:05:31]} Bg6 {[%clk 00:49:05]} {[%emt 00:08:21]} 18. Nxe4 {[%clk
00:46:03]} {[%emt 00:03:50]} Nxe4 {[%clk 00:47:48]} {[%emt 00:01:47]} 19. Nd2
{[%clk 00:44:03]} {[%emt 00:02:28]} f5 {[%clk 00:46:28]} {[%emt 00:01:51]} 20.
Nxe4 {[%clk 00:38:54]} {[%emt 00:05:39]} fxe4 {[%clk 00:36:37]} {[%emt
00:10:21]} 21. a3 {[%clk 00:37:24]} {[%emt 00:02:01]} Bh5 {[%clk 00:34:57]}
{[%emt 00:02:10]} 22. Rd2 {[%clk 00:34:54]} {[%emt 00:03:00]} Bb4 {[%clk
00:27:32]} {[%emt 00:07:54]} 23. Rc2 {[%clk 00:33:59]} {[%emt 00:01:24]} Bxe1
{[%clk 00:27:30]} {[%emt 00:00:33]} 24. Rxe1 {[%clk 00:34:10]} {[%emt
00:00:18]} Bf3 {[%clk 00:26:48]} {[%emt 00:01:12]} 25. Bxf3 {[%clk 00:31:06]}
{[%emt 00:03:35]} exf3 {[%clk 00:27:09]} {[%emt 00:00:09]} 26. g4 {[%clk
00:30:38]} {[%emt 00:00:57]} Re4 {[%clk 00:25:55]} {[%emt 00:01:44]} 27. h3
{[%clk 00:30:45]} {[%emt 00:00:23]} h5 {[%clk 00:24:57]} {[%emt 00:01:29]} 28.
gxh5 {[%clk 00:29:52]} {[%emt 00:01:23]} Rh4 {[%clk 00:23:29]} {[%emt
00:01:58]} 29. Kh2 {[%clk 00:28:22]} {[%emt 00:01:58]} Kg7 {[%clk 00:22:49]}
{[%emt 00:01:12]} 30. Rg1 {[%clk 00:22:39]} {[%emt 00:06:12]} Kh6 {[%clk
00:22:36]} {[%emt 00:00:44]} 31. Rg3 {[%clk 00:20:09]} {[%emt 00:02:59]} Rf8
{[%clk 00:22:28]} {[%emt 00:00:37]} 32. Rc1 {[%clk 00:19:57]} {[%emt 00:00:44]}
Kxh5 {[%clk 00:16:07]} {[%emt 00:06:51]} 1/2-1/2

[Event "DEM U18w 2025"]
[Site "Willingen GER"]
[Date "2025.06.10"]
[Round "4"]
[White "Margaryan, Sofia"]
[Black "Loos, Violeta"]
[Result "1-0"]
[Termination "normal"]
[Board "14"]
[WhiteElo "1564"]
[BlackElo "1544"]
[WhiteClock "00:33:06"]
[BlackClock "00:29:16"]
[PlyCount "97"]
[WhiteFideId "16268229"]
[BlackFideId "34605290"]
[EventCountry "GER"]
[EventRounds "9"]
[EventType "swiss"]
[EventDate "2025.06.07"]

1. d4 {[%clk 01:30:59]} {[%emt 00:00:02]} f5 {[%clk 01:30:55]} {[%emt
00:00:06]} 2. c4 {[%clk 01:31:17]} {[%emt 00:00:12]} Nf6 {[%clk 01:31:14]}
{[%emt 00:00:10]} 3. Nc3 {[%clk 01:31:39]} {[%emt 00:00:07]} g6 {[%clk
01:31:36]} {[%emt 00:00:08]} 4. Nf3 {[%clk 01:31:15]} {[%emt 00:00:55]} Bg7
{[%clk 01:31:59]} {[%emt 00:00:07]} 5. b3 {[%clk 01:31:00]} {[%emt 00:00:45]}
O-O {[%clk 01:32:07]} {[%emt 00:00:22]} 6. Bb2 {[%clk 01:31:26]} {[%emt
00:00:04]} d6 {[%clk 01:31:56]} {[%emt 00:00:41]} 7. Qc2 {[%clk 01:28:30]}
{[%emt 00:03:26]} Bd7 {[%clk 01:27:51]} {[%emt 00:04:35]} 8. O-O-O {[%clk
01:14:57]} {[%emt 00:14:03]} Qe8 {[%clk 01:20:03]} {[%emt 00:08:18]} 9. e3
{[%clk 01:11:22]} {[%emt 00:04:05]} a5 {[%clk 01:18:54]} {[%emt 00:01:39]} 10.
a3 {[%clk 01:04:33]} {[%emt 00:07:20]} a4 {[%clk 01:16:57]} {[%emt 00:02:27]}
11. b4 {[%clk 01:04:34]} {[%emt 00:00:29]} c5 {[%clk 00:44:04]} {[%emt
00:33:23]} 12. dxc5 {[%clk 00:45:28]} {[%emt 00:19:35]} dxc5 {[%clk 00:44:10]}
{[%emt 00:00:23]} 13. b5 {[%clk 00:45:21]} {[%emt 00:00:38]} Ng4 {[%clk
00:40:22]} {[%emt 00:04:18]} 14. h3 {[%clk 00:40:12]} {[%emt 00:05:38]} Bxc3
{[%clk 00:39:47]} {[%emt 00:01:06]} 15. Bxc3 {[%clk 00:40:33]} {[%emt
00:00:09]} Nf6 {[%clk 00:39:50]} {[%emt 00:00:27]} 16. Bd3 {[%clk 00:30:26]}
{[%emt 00:10:37]} Bc8 {[%clk 00:31:45]} {[%emt 00:08:34]} 17. e4 {[%clk
00:18:43]} {[%emt 00:12:13]} fxe4 {[%clk 00:23:02]} {[%emt 00:09:13]} 18. Bxe4
{[%clk 00:19:07]} {[%emt 00:00:06]} Nxe4 {[%clk 00:23:20]} {[%emt 00:00:13]}
19. Qxe4 {[%clk 00:19:33]} {[%emt 00:00:04]} Nd7 {[%clk 00:22:56]} {[%emt
00:00:55]} 20. Rhe1 {[%clk 00:18:40]} {[%emt 00:01:22]} Rf7 {[%clk 00:17:05]}
{[%emt 00:06:20]} 21. Qh4 {[%clk 00:14:45]} {[%emt 00:04:25]} Qf8 {[%clk
00:13:42]} {[%emt 00:03:54]} 22. Ng5 {[%clk 00:12:47]} {[%emt 00:02:28]} Rg7
{[%clk 00:07:14]} {[%emt 00:06:58]} 23. Ne6 {[%clk 00:11:03]} {[%emt 00:02:15]}
g5 {[%clk 00:04:49]} {[%emt 00:02:54]} 24. Nxf8 {[%clk 00:11:03]} {[%emt
00:00:30]} gxh4 {[%clk 00:05:05]} {[%emt 00:00:14]} 25. Bxg7 {[%clk 00:11:28]}
{[%emt 00:00:05]} Nxf8 {[%clk 00:04:32]} {[%emt 00:01:02]} 26. Bxf8 {[%clk
00:11:53]} {[%emt 00:00:06]} Kxf8 {[%clk 00:04:51]} {[%emt 00:00:12]} 27. Rd8+
{[%clk 00:12:18]} {[%emt 00:00:04]} Kf7 {[%clk 00:04:51]} {[%emt 00:00:30]} 28.
b6 {[%clk 00:11:47]} {[%emt 00:01:01]} e6 {[%clk 00:02:36]} {[%emt 00:02:45]}
29. Re4 {[%clk 00:10:39]} {[%emt 00:01:38]} Ke7 {[%clk 00:01:58]} {[%emt
00:01:08]} 30. Rh8 {[%clk 00:11:02]} {[%emt 00:00:06]} Kd6 {[%clk 00:01:39]}
{[%emt 00:00:50]} 31. Rxh4 {[%clk 00:11:09]} {[%emt 00:00:23]} Kd7 {[%clk
00:00:43]} {[%emt 00:01:26]} 32. R8xh7+ {[%clk 00:11:13]} {[%emt 00:00:25]} Ke8
{[%clk 00:00:41]} {[%emt 00:00:33]} 33. Rg4 {[%clk 00:09:26]} {[%emt 00:02:17]}
Kf8 {[%clk 00:00:42]} {[%emt 00:00:29]} 34. Rgg7 {[%clk 00:09:51]} {[%emt
00:00:05]} Ra6 {[%clk 00:00:53]} {[%emt 00:00:19]} 35. Rc7 {[%clk 00:10:12]}
{[%emt 00:00:08]} Kg8 {[%clk 00:01:13]} {[%emt 00:00:11]} 36. h4 {[%clk
00:08:19]} {[%emt 00:02:23]} Rxb6 {[%clk 00:01:22]} {[%emt 00:00:21]} 37. h5
{[%clk 00:08:42]} {[%emt 00:00:06]} e5 {[%clk 00:01:26]} {[%emt 00:00:27]} 38.
h6 {[%clk 00:08:51]} {[%emt 00:00:21]} Rb1+ {[%clk 00:01:03]} {[%emt 00:00:53]}
39. Kxb1 {[%clk 00:09:00]} {[%emt 00:00:21]} Bf5+ {[%clk 00:01:28]} {[%emt
00:00:04]} 40. Kc1 {[%clk 00:08:59]} {[%emt 00:00:31]} Bxh7 {[%clk 00:01:47]}
{[%emt 00:00:12]} 41. Rxc5 {[%clk 00:07:19]} {[%emt 00:02:10]} Be4 {[%clk
00:01:40]} {[%emt 00:00:36]} 42. Rxe5 {[%clk 00:07:35]} {[%emt 00:00:15]} Bc6
{[%clk 00:01:31]} {[%emt 00:00:39]} 43. g4 {[%clk 00:07:29]} {[%emt 00:00:35]}
Kh7 {[%clk 00:01:39]} {[%emt 00:00:22]} 44. g5 {[%clk 00:07:19]} {[%emt
00:00:40]} Bf3 {[%clk 00:00:40]} {[%emt 00:01:30]} 45. Kd2 {[%clk 00:07:09]}
{[%emt 00:00:40]} Kg8 {[%clk 00:29:38]} {[%emt 00:01:31]} 46. g6 {[%clk
00:34:05]} {[%emt 00:03:34]} Bc6 {[%clk 00:29:34]} {[%emt 00:00:35]} 47. f4
{[%clk 00:33:22]} {[%emt 00:01:12]} Kf8 {[%clk 00:28:59]} {[%emt 00:01:05]} 48.
f5 {[%clk 00:33:24]} {[%emt 00:00:29]} Kg8 {[%clk 00:29:16]} {[%emt 00:00:13]}
49. f6 {[%clk 00:33:06]} {[%emt 00:00:47]} 1-0

[Event "DEM U18w 2025"]
[Site "Willingen GER"]
[Date "2025.06.12"]
[Round "7"]
[White "Heidemann, Nora"]
[Black "Trunz, Michelle"]
[Result "1/2-1/2"]
[Termination "normal"]
[Board "1"]
[BlackTitle "WFM"]
[WhiteElo "1851"]
[BlackElo "2061"]
[WhiteClock "00:37:03"]
[BlackClock "00:04:02"]
[PlyCount "144"]
[WhiteFideId "34609253"]
[BlackFideId "16227980"]
[EventCountry "GER"]
[EventRounds "9"]
[EventType "swiss"]
[EventDate "2025.06.07"]

1. c4 {[%clk 01:30:58]} {[%emt 00:00:02]} e5 {[%clk 01:30:55]} {[%emt
00:00:05]} 2. g3 {[%clk 01:31:24]} {[%emt 00:00:05]} Nf6 {[%clk 01:31:17]}
{[%emt 00:00:06]} 3. Bg2 {[%clk 01:31:50]} {[%emt 00:00:04]} d5 {[%clk
01:31:14]} {[%emt 00:00:33]} 4. cxd5 {[%clk 01:32:14]} {[%emt 00:00:07]} Nxd5
{[%clk 01:31:40]} {[%emt 00:00:04]} 5. Nc3 {[%clk 01:32:37]} {[%emt 00:00:07]}
Nb6 {[%clk 01:32:00]} {[%emt 00:00:10]} 6. Nf3 {[%clk 01:33:01]} {[%emt
00:00:07]} Nc6 {[%clk 01:32:25]} {[%emt 00:00:05]} 7. O-O {[%clk 01:33:25]}
{[%emt 00:00:05]} Be7 {[%clk 01:32:51]} {[%emt 00:00:03]} 8. d3 {[%clk
01:33:47]} {[%emt 00:00:09]} O-O {[%clk 01:33:05]} {[%emt 00:00:16]} 9. Be3
{[%clk 01:34:08]} {[%emt 00:00:09]} Re8 {[%clk 01:33:02]} {[%emt 00:00:33]} 10.
d4 {[%clk 01:33:49]} {[%emt 00:00:49]} exd4 {[%clk 01:28:30]} {[%emt 00:05:03]}
11. Nxd4 {[%clk 01:34:13]} {[%emt 00:00:06]} Nxd4 {[%clk 01:27:09]} {[%emt
00:01:50]} 12. Bxd4 {[%clk 01:34:35]} {[%emt 00:00:07]} c6 {[%clk 01:26:41]}
{[%emt 00:00:59]} 13. b3 {[%clk 01:33:29]} {[%emt 00:01:36]} Bf6 {[%clk
01:20:21]} {[%emt 00:06:50]} 14. Bxf6 {[%clk 01:32:10]} {[%emt 00:01:50]} Qxf6
{[%clk 01:20:42]} {[%emt 00:00:08]} 15. Ne4 {[%clk 01:30:26]} {[%emt 00:02:13]}
Qg6 {[%clk 01:19:08]} {[%emt 00:02:05]} 16. Nc5 {[%clk 01:28:30]} {[%emt
00:02:25]} Bg4 {[%clk 01:16:13]} {[%emt 00:03:27]} 17. f3 {[%clk 01:28:32]}
{[%emt 00:00:28]} Rad8 {[%clk 01:15:25]} {[%emt 00:01:17]} 18. Qb1 {[%clk
01:26:12]} {[%emt 00:02:50]} Bf5 {[%clk 01:08:33]} {[%emt 00:07:22]} 19. e4
{[%clk 01:26:26]} {[%emt 00:00:16]} Bc8 {[%clk 01:08:17]} {[%emt 00:00:46]} 20.
Rd1 {[%clk 01:23:56]} {[%emt 00:03:00]} h5 {[%clk 01:02:30]} {[%emt 00:06:17]}
21. Qc2 {[%clk 01:19:31]} {[%emt 00:04:54]} h4 {[%clk 00:59:45]} {[%emt
00:03:16]} 22. g4 {[%clk 01:18:54]} {[%emt 00:01:07]} Qg5 {[%clk 00:46:50]}
{[%emt 00:13:25]} 23. Qf2 {[%clk 01:15:53]} {[%emt 00:03:30]} Na8 {[%clk
00:37:59]} {[%emt 00:09:22]} 24. h3 {[%clk 01:13:07]} {[%emt 00:03:15]} Rxd1+
{[%clk 00:33:31]} {[%emt 00:04:58]} 25. Rxd1 {[%clk 01:13:33]} {[%emt
00:00:05]} Rd8 {[%clk 00:33:45]} {[%emt 00:00:16]} 26. Nd3 {[%clk 01:12:02]}
{[%emt 00:02:00]} Qb5 {[%clk 00:27:56]} {[%emt 00:06:20]} 27. Bf1 {[%clk
01:10:09]} {[%emt 00:02:23]} Qb6 {[%clk 00:26:47]} {[%emt 00:01:39]} 28. Nb2
{[%clk 01:00:07]} {[%emt 00:10:32]} Qxf2+ {[%clk 00:25:00]} {[%emt 00:02:17]}
29. Kxf2 {[%clk 01:00:30]} {[%emt 00:00:07]} Rxd1 {[%clk 00:25:25]} {[%emt
00:00:05]} 30. Nxd1 {[%clk 01:00:58]} {[%emt 00:00:02]} g5 {[%clk 00:21:58]}
{[%emt 00:03:56]} 31. f4 {[%clk 00:58:31]} {[%emt 00:02:57]} gxf4 {[%clk
00:21:07]} {[%emt 00:01:22]} 32. Kf3 {[%clk 00:58:38]} {[%emt 00:00:22]} Nc7
{[%clk 00:20:55]} {[%emt 00:00:43]} 33. Kxf4 {[%clk 00:58:39]} {[%emt
00:00:29]} f6 {[%clk 00:18:17]} {[%emt 00:03:08]} 34. e5 {[%clk 00:48:25]}
{[%emt 00:10:44]} Nd5+ {[%clk 00:10:18]} {[%emt 00:08:29]} 35. Ke4 {[%clk
00:47:21]} {[%emt 00:01:33]} Kf7 {[%clk 00:07:33]} {[%emt 00:03:16]} 36. Bc4
{[%clk 00:43:46]} {[%emt 00:04:04]} Be6 {[%clk 00:07:02]} {[%emt 00:01:02]} 37.
Bxd5 {[%clk 00:43:36]} {[%emt 00:00:40]} Bxd5+ {[%clk 00:06:39]} {[%emt
00:00:52]} 38. Kf4 {[%clk 00:43:06]} {[%emt 00:01:00]} Bg2 {[%clk 00:02:42]}
{[%emt 00:04:27]} 39. Nf2 {[%clk 00:43:06]} {[%emt 00:00:30]} fxe5+ {[%clk
00:01:48]} {[%emt 00:01:25]} 40. Kxe5 {[%clk 00:43:24]} {[%emt 00:00:11]} Kg6
{[%clk 00:00:49]} {[%emt 00:01:29]} 41. Kf4 {[%clk 00:40:40]} {[%emt 00:03:14]}
c5 {[%clk 00:24:45]} {[%emt 00:06:35]} 42. g5 {[%clk 01:10:15]} {[%emt
00:00:55]} b5 {[%clk 00:24:50]} {[%emt 00:00:26]} 43. Kg4 {[%clk 01:07:50]}
{[%emt 00:02:54]} c4 {[%clk 00:19:05]} {[%emt 00:06:15]} 44. b4 {[%clk
01:06:48]} {[%emt 00:01:32]} c3 {[%clk 00:16:11]} {[%emt 00:03:24]} 45. Nd3
{[%clk 01:06:39]} {[%emt 00:00:38]} Bxh3+ {[%clk 00:14:19]} {[%emt 00:02:22]}
46. Kxh4 {[%clk 01:06:39]} {[%emt 00:00:29]} Bf1 {[%clk 00:13:23]} {[%emt
00:01:26]} 47. Nc1 {[%clk 01:06:02]} {[%emt 00:01:08]} Kf5 {[%clk 00:12:09]}
{[%emt 00:01:45]} 48. Kg3 {[%clk 01:05:13]} {[%emt 00:01:18]} Kxg5 {[%clk
00:12:26]} {[%emt 00:00:13]} 49. Kf2 {[%clk 01:05:32]} {[%emt 00:00:11]} Bh3
{[%clk 00:11:09]} {[%emt 00:01:47]} 50. Ke3 {[%clk 01:05:07]} {[%emt 00:00:54]}
Bf5 {[%clk 00:11:16]} {[%emt 00:00:24]} 51. Ne2 {[%clk 01:03:51]} {[%emt
00:01:46]} c2 {[%clk 00:10:50]} {[%emt 00:00:57]} 52. Kd2 {[%clk 01:04:13]}
{[%emt 00:00:08]} a6 {[%clk 00:05:04]} {[%emt 00:06:15]} 53. Nd4 {[%clk
01:00:39]} {[%emt 00:04:05]} Kf4 {[%clk 00:04:24]} {[%emt 00:01:10]} 54. Nc6
{[%clk 00:57:48]} {[%emt 00:03:20]} Ke4 {[%clk 00:01:58]} {[%emt 00:02:56]} 55.
Ne7 {[%clk 00:57:22]} {[%emt 00:00:57]} Be6 {[%clk 00:01:47]} {[%emt 00:00:40]}
56. a3 {[%clk 00:57:06]} {[%emt 00:00:47]} Bb3 {[%clk 00:02:00]} {[%emt
00:00:16]} 57. Nc6 {[%clk 00:57:04]} {[%emt 00:00:32]} Kd5 {[%clk 00:00:51]}
{[%emt 00:01:39]} 58. Nb8 {[%clk 00:49:49]} {[%emt 00:07:44]} Kc4 {[%clk
00:00:43]} {[%emt 00:00:39]} 59. Nxa6 {[%clk 00:50:10]} {[%emt 00:00:09]} Ba4
{[%clk 00:00:42]} {[%emt 00:00:31]} 60. Nc5 {[%clk 00:49:43]} {[%emt 00:00:57]}
Bb3 {[%clk 00:01:01]} {[%emt 00:00:11]} 61. Nd3 {[%clk 00:38:31]} {[%emt
00:11:42]} Ba4 {[%clk 00:01:10]} {[%emt 00:00:22]} 62. Nb2+ {[%clk 00:36:54]}
{[%emt 00:02:07]} Kb3 {[%clk 00:01:32]} {[%emt 00:00:08]} 63. Nxa4 {[%clk
00:36:26]} {[%emt 00:00:57]} Kxa4 {[%clk 00:01:20]} {[%emt 00:00:41]} 64. Kxc2
{[%clk 00:36:45]} {[%emt 00:00:12]} Kxa3 {[%clk 00:01:44]} {[%emt 00:00:07]}
65. Kc3 {[%clk 00:35:47]} {[%emt 00:01:28]} Ka4 {[%clk 00:02:12]} {[%emt
00:00:01]} 66. Kc2 {[%clk 00:36:01]} {[%emt 00:00:16]} Kxb4 {[%clk 00:02:38]}
{[%emt 00:00:04]} 67. Kb2 {[%clk 00:36:23]} {[%emt 00:00:08]} Kc4 {[%clk
00:02:37]} {[%emt 00:00:30]} 68. Kc2 {[%clk 00:35:59]} {[%emt 00:00:54]} b4
{[%clk 00:02:42]} {[%emt 00:00:25]} 69. Kb2 {[%clk 00:36:09]} {[%emt 00:00:20]}
b3 {[%clk 00:03:04]} {[%emt 00:00:07]} 70. Kb1 {[%clk 00:36:13]} {[%emt
00:00:27]} Kc3 {[%clk 00:03:10]} {[%emt 00:00:25]} 71. Kc1 {[%clk 00:36:37]}
{[%emt 00:00:06]} b2+ {[%clk 00:03:36]} {[%emt 00:00:04]} 72. Kb1 {[%clk
00:37:03]} {[%emt 00:00:03]} Kb3 {[%clk 00:04:02]} {[%emt 00:00:03]} 1/2-1/2